000 00484nab a2200145Ia 4500
003 ES-SlBCS
005 20210601125244.0
008 140529s1981 xxu||||| |||| 00| 0 eng d
041 _aeng
100 1 _aKemp-Pritchard, Ilona
_9156039
245 0 0 _aPeirce on Philosophical Hope and Logical Sentiment
_c Ilona Kemp-Pritchard
600 1 _aPeirce, Charles S.-Filosofía
_9156040
773 0 _tPhilosophy and Phenomenological Research
_gvol. 42, 1981, págs. 75-90
_wRev1411
942 _cAR
999 _c527338
_d527338